000
00347nam a2200145Ia 4500
008
150509s9999 xx 000 0 und d
082
_a
330 BRO
100
_a
Brown, Arthur Joseph
245
_a
Introduction to the world economy
260
_a
London:
260
_b
Allen & Unwin
260
_c
1959
300
_a
212p. ;23cm.
650
_a
Economics
999
_c
4219
_d
4219